Spôsob inštalácie plastového potrubia do vnútrajška už existujúcej oceľovej potrubnej prípojky a zariadenie na vykonávanie tohto spôsobu.F16L 55/165

Bibliographic Details
Main Author: Dickso, Dudley (Author)
Format: Book
Language:Undetermined
PhysicalDescription:18 s.
Published: Banská Bystrica Úrad priemyselného vlastníctva SR 2002

MARC

LEADER 00000nam a2200000 a 4500
001 vtls001434430
003 SK-MaSNL
005 20260301230145.0
008 240314sm y0 xo 0 und
035 |a SNK000389507 
040 |a SNK  |b slo  |c SNK  |e AACR2 
044 |a xo  |c SK 
100 1 |a Dickso, Dudley  |4 aut  |9 620626 
245 1 0 |a Spôsob inštalácie plastového potrubia do vnútrajška už existujúcej oceľovej potrubnej prípojky a zariadenie na vykonávanie tohto spôsobu.F16L 55/165 
260 |a Banská Bystrica  |b Úrad priemyselného vlastníctva SR  |c 2002 
300 |c 18 s. 
999 |c 953704  |d 955634 
952 |t P60, <04>, [BOOK], {604}  |a SNK  |b SNK  |y VYP  |7 0  |p 17A0343250  |o snkSK 282295  |i snkPS 88/2002  |0 0  |1 0  |4 0  |d 2002-05-20  |l 0  |r 2005-01-02 00:00:00  |w 2026-02-24